=LDR 00000nam 2200000 4500 =001 INLIS000000000028043 =005 20130612130357 =008 ***********************************Ind** =035 ##$$a0010-061300000028043 =041 ##$$a Ind =082 ##$$a 530.07 =090 ##$$a 530.07, Uma f =100 ##$$a Umar, Efrizon =245 ##$$a Fisika dan kecakapan hidup, Efrizon Umar; editor Abraham Tonapa =260 ##$$a 2004 $b Jakarta =300 ##$$a ...Jild, ilus, 27 cm =650 ##$$a Fisika - Studi dan Pengajaran =850 ##$$a NBPNMAT =990 ##$$a 94191/BPAP-NTB/2014 =990 ##$$a 21194893/BPAP-NTB/2014 =990 ##$$a 21400613/BPAP-NTB/20142014